000 00862nam a2200217 a 4500
001 000022963
005 20200930021911.0
008 101123s2004 sp r 000 | spa d
020 _a849516390X
040 _aDO-SdBNP
_bspa
_cBNPHU
082 _axxx
_bG643e
100 1 _aGonzález-Páramo, José Manuel
_947219
245 1 0 _aEvaluado reformas fiscales mediante el coste marginal de los fondos públicos :
_bcriterios analíticos y aplicaciones a España y otros países de la OCDE /
_cJosé Manuel González-Páramo, José Félix Sanz Sanz.
260 _aBilbao :
_bFundación BBVA,
_c2004.
300 _a153 p. :
_bil. ;
_c24 cm.
500 _aIncluye notas al pie de página
500 _aIncluye índice alfabético y bibliografía
500 _aIncluye índice de cuadro,tablas y gráficos
700 1 _aSanz Sanz, José Félix
_947220
049 _aBNGR
999 _c22460
_d22460